精短实用演讲辞百篇 (Record no. 38673)

000 -LEADER
fixed length control field 00443nam a22001817a 4500
003 - CONTROL NUMBER IDENTIFIER
control field MPLRDC
005 - DATE AND TIME OF LATEST TRANSACTION
control field 20220104143317.0
008 - FIXED-LENGTH DATA ELEMENTS--GENERAL INFORMATION
fixed length control field 210129b ||||| |||| 00| 0 eng d
020 ## - INTERNATIONAL STANDARD BOOK NUMBER
International Standard Book Number 7-5616-2315-1
082 ## - DEWEY DECIMAL CLASSIFICATION NUMBER
Classification number 811.9 ZXK
100 ## - MAIN ENTRY--PERSONAL NAME
Personal name 周新干等主编
245 ## - TITLE STATEMENT
Title 精短实用演讲辞百篇
Statement of responsibility, etc.
250 ## - EDITION STATEMENT
Edition statement 一版二刷
260 ## - PUBLICATION, DISTRIBUTION, ETC.
Place of publication, distribution, etc.
Name of publisher, distributor, etc. 成都科技大学出版社
Date of publication, distribution, etc. 1995
300 ## - PHYSICAL DESCRIPTION
Other physical details
650 ## - SUBJECT ADDED ENTRY--TOPICAL TERM
Topical term or geographic name entry element
942 ## - ADDED ENTRY ELEMENTS (KOHA)
Koha item type Book
-- 811.9 ZXK
Holdings
Withdrawn status Lost status Source of classification or shelving scheme Damaged status Not for loan Collection code Home library Current library Shelving location Date acquired Cost, normal purchase price Total Checkouts Full call number Barcode Date last seen Date last checked out Price effective from Koha item type Public note
  Lost         Malaysian Public Library, Research and Development Centre Malaysian Public Library, Research and Development Centre   10/12/2007 8.40   811.9 ZXK 00038802 18/03/2021 11/09/2009 18/03/2021 Book mplrdc

© 2022. Malaysian Public Library, Research and Development Centre. All Right ReservedE-mailmplrdc@help.edu.my 

Powered by Koha